Avaliaçao e determinaçao de padroes na educaçao latino americana: realidades y desafios

Saved in:
Bibliografiske detaljer
Hovedforfatter: Bomeny, Helena (Author)
Format: Bog
Sprog:portugisisk
Udgivet: Río de Janeiro Getulio Vargas 1997
Fag:
Tags: Tilføj Tag
Ingen Tags, Vær først til at tagge denne postø!

MARC

LEADER 00000nam a2200000 a 4500
001 UCP2397
003 CL-VaPUC
008 990514e19970000BL |||||||||||||||||por|d
082 0 4 |a 371.26  |b BOM  |2 21 
100 0 |a Bomeny, Helena  |e author  |9 429120 
245 1 0 |a Avaliaçao e determinaçao de padroes na educaçao latino americana: realidades y desafios 
300 |a 180 p 
942 |c BK 
945 |d 19990514 00:00:00  |a rbrito 
260 |a Río de Janeiro  |b Getulio Vargas  |c 1997 
650 0 |a Evaluación de la educación   |9 237505 
650 0 |a Currículo  |9 307290 
651 0 |a América Latina   |9 255027 
651 7 |a CHILE  |2 CL-VaPUC  |9 429121 
651 0 |a Colombia  |9 256424 
651 0 |a México  |9 255269 
583 |a last modification  |c 19990514 00:00:00  |k Rodrigo Vera 
999 |c 280932  |d 280930 
952 |0 0  |1 0  |4 0  |6 371_260000000000000_BOM_1997  |7 0  |8 P  |9 321480  |a BIBEDU  |b BIBEDU  |c BIBEDU_PB  |d 2019-11-20  |i 3517373  |o 371.26 BOM 1997  |p 3517373  |r 2024-01-25  |w 2019-11-20  |y BK  |k BME